| Tag |
First Indicator |
Second Indicator |
Subfields |
| LEADER |
00000cam a2200000 a 4500 |
| 001 |
in00002016233 |
| 005 |
20151031154635.0 |
| 008 |
860911s1985 ru a 000 0aruso |
| 010 |
|
|
|a 86130291
|
| 020 |
|
|
|c 2.10rub
|
| 035 |
|
|
|a (OCoLC)ocm14356920
|
| 040 |
|
|
|a DLC
|c DLC
|d OCL
|d OCLCQ
|d TXA
|d UtOrBLW
|
| 043 |
|
|
|a e-ru---
|
| 049 |
|
|
|a TXAM
|
| 050 |
0 |
0 |
|a DK511.V9
|b P47 1985
|
| 100 |
1 |
|
|a Peskov, V.
|q (Vasiliĭ)
|
| 245 |
1 |
0 |
|a V gosti︠a︡kh i doma /
|c V. Peskov.
|
| 264 |
|
1 |
|a Voronezh :
|b T︠S︡entralʹno-Chernozemnoe knizhnoe izd-vo,
|c 1985.
|
| 300 |
|
|
|a 542 pages :
|b illustrations ;
|c 21 cm.
|
| 336 |
|
|
|a text
|b txt
|2 rdacontent
|
| 337 |
|
|
|a unmediated
|b n
|2 rdamedia
|
| 338 |
|
|
|a volume
|b nc
|2 rdacarrier
|
| 651 |
|
0 |
|a Voronezh Region (Russia)
|x Description and travel.
|
| 650 |
|
0 |
|a Voyages and travels.
|
| 600 |
1 |
0 |
|a Peskov, V.
|q (Vasiliĭ)
|
| 650 |
|
0 |
|a Journalists
|z Soviet Union
|v Biography.
|
| 948 |
|
|
|a cataloged
|b h
|c 2004/12/20
|d c
|e spoltoratski
|f 1:30:50 pm
|
| 994 |
|
|
|a E0
|b TXA
|
| 999 |
|
|
|a MARS
|
| 999 |
f |
f |
|s 819d4d81-e182-3480-a5ff-7eadcd4ea255
|i dbff4a9e-596f-3d79-9eb7-d4178c00d960
|t 0
|
| 952 |
f |
f |
|p ric
|a Texas A&M University
|b Rellis Campus
|c Joint Library Facility
|d Remote Storage
|t 0
|e DK511.V9 P47 1985
|h Library of Congress classification
|i unmediated -- volume
|m A14831592639
|
| 998 |
f |
f |
|a DK511.V9 P47 1985
|t 0
|l Remote Storage
|